00815nam a22002177a 4500999001900000005001700019010001300036020002700049035001300076035001300089037001300102082001100115100001500126245011800141260003000259270002300289300002600312490008900338942002500427952014500452 c172230d17223020200130101939.0 aB-731177 a9783319152776c4559.00 aB-733177 aB-731177 bDBAD/PUB a370.11 aMadu Singh aGlobal perspectives on recognising non-formal and informal learning :b why recognition matters /cby Madhu Singh aNew YorkbSpringerc(2015 aSpringerbNew York axix,220p. :c22cm(Hb) aTechnical and vocationa leducation and training: issues, concerns and prospects v21 2ddccENmMADh370.11 001040718NFICaLbLd2020-01-30eGift/ Eng./13.11.2019g4559.00l0o370.11 MADpB-731177r2020-01-30 00:00:00t1v4559.00w2020-01-30yEN